Compendio de literatura universal (Record no. 10942)

MARC details
000 -LEADER
fixed length control field 00680nam a22002177a 4500
005 - DATE AND TIME OF LATEST TRANSACTION
control field 20231205114659.0
008 - FIXED-LENGTH DATA ELEMENTS--GENERAL INFORMATION
fixed length control field 231205b mx |||||||| |||| 00| 0 spa d
020 ## - INTERNATIONAL STANDARD BOOK NUMBER
International Standard Book Number 9702402174
050 04 - LIBRARY OF CONGRESS CALL NUMBER
Classification number PN45
Item number O84 2005
050 04 - LIBRARY OF CONGRESS CALL NUMBER
Classification number PN594
Item number O84 2002
100 1# - MAIN ENTRY--PERSONAL NAME
Personal name Oseguera, Eva Lydia.
245 10 - TITLE STATEMENT
Title Compendio de literatura universal
Statement of responsibility, etc / Eva Lydia Oseguera.
250 ## - EDITION STATEMENT
Edition statement 2a ed.
260 ## - PUBLICATION, DISTRIBUTION, ETC. (IMPRINT)
Place of publication, distribution, etc México :
Name of publisher, distributor, etc Publicaciones Cultural,
Date of publication, distribution, etc 2002.
300 ## - PHYSICAL DESCRIPTION
Extent 321 p. :
Other physical details il. ;
Dimensions 25 cm.
504 ## - BIBLIOGRAPHY, ETC. NOTE
Bibliography, etc Incluye bibliografía y glosario.
650 #7 - SUBJECT ADDED ENTRY--TOPICAL TERM
Source of heading or term Lemb
Topical term or geographic name as entry element Literatura universal
650 #4 - SUBJECT ADDED ENTRY--TOPICAL TERM
Topical term or geographic name as entry element Literatura universal
Form subdivision Compendio
650 #7 - SUBJECT ADDED ENTRY--TOPICAL TERM
Source of heading or term lemb
Topical term or geographic name as entry element Literatura
General subdivision Historia y crítica
942 ## - ADDED ENTRY ELEMENTS (KOHA)
Source of classification or shelving scheme Biblioteca del Cogreso de los Estados Unidos
Koha item type Libro
Holdings
Estado de pérdida Fuente de clasificación Estado del daño No para préstamo Ubicación permanente Ubicación actual Apartado o colección Fecha de adquisición Clasificación Código de Barras Date last seen Número de copia Tipo de recurso Edición Área del conocimiento Total Checkouts Costo por reposición
  Biblioteca del Cogreso de los Estados Unidos     Biblioteca de la Preparatoria Ing. Pascual Ortiz Rubio Biblioteca de la Preparatoria Ing. Pascual Ortiz Rubio General 28/09/2015 PN45 O84 2002 PPO000000543 28/09/2015 C:1 Libro 2a. ed. Educación y Humanidades    
  Biblioteca del Cogreso de los Estados Unidos     Biblioteca de la Preparatoria Ing. Pascual Ortiz Rubio Biblioteca de la Preparatoria Ing. Pascual Ortiz Rubio General 28/09/2015 PN45 O84 2002 PPO000000542 28/09/2015 C:2 Libro 2a. ed. Educación y Humanidades    
  Biblioteca del Cogreso de los Estados Unidos     Biblioteca de la Preparatoria Melchor Ocampo Biblioteca de la Preparatoria Melchor Ocampo General 05/12/2023 PN594 O84 r2003 PMO000000903 05/12/2023 1 Libro 2a ed. Educación y Humanidades   1.00
  Biblioteca del Cogreso de los Estados Unidos     Biblioteca de la Preparatoria Melchor Ocampo Biblioteca de la Preparatoria Melchor Ocampo General 05/12/2023 PN594 O84 r2006 PMO000000904 05/12/2023 1 Libro 2a ed. Educación y Humanidades   1.00
  Biblioteca del Cogreso de los Estados Unidos     Biblioteca del Colegio de San Nicolás Biblioteca del Colegio de San Nicolás General 04/08/2011 PN45 O84 r2005 BPCS000002975 16/01/2015 C : 1 Libro